000 01106namaa2200229 i 4500
001 173963
003 ES-MaACL
005 20250824052201.0
008 100203s1888 sp |||| | spa d
040 _aSpMaBN
_bspa
_cPAB
100 1 _aÁlvarez Quintero, Serafín,
_d1871-1938
_eaut
_9226443
245 1 0 _aEsgrima y amor :
_bjuguete cómico en un acto y en prosa /
_coriginal de Serafín y Joaquín Álvarez Quintero.
260 _aSevilla :
_b[s.n.],
_c1888
_f(Imp. Gironés y Orduña)
300 _a20 páginas ;
_c18 cm.
500 _aEn port.: Estrenado con extraordinario éxito en el Teatro Cervantes de Sevilla, la noche del 30 de enero de 1888
500 _aEn cub. precede al tít.: Administración Lírico-Dramática
655 0 _aTeatro
_9234794
700 1 _aÁlvarez Quintero, Joaquín,
_d1873-1944
_eaut
_920922
852 _aES-MaACL
_cSPP2
_gDedicatoria autógrafa del autor
_jF-8636(1)
_xEncuadernado en un volumen facticio, formando parte de la colección facticia "Teatro español moderno", v. 91
_xPasta española
942 _2udc
_cMONANT
_n0
999 _c173963
_d173963